| 000 | 00841nam a22002897a 4500 | ||
|---|---|---|---|
| 003 | CHAP | ||
| 005 | 20220329140015.0 | ||
| 008 | 971013s1967 r 00010 d | ||
| 010 | _a45435 | ||
| 011 | _a46407 | ||
| 035 | _a50548 | ||
| 040 | _cCHAP | ||
| 090 | _aFolleto 8252y | ||
| 100 | 0 | 0 |
_aTeter, Norman. _9112490 |
| 245 | 1 | _aEmpleo del concreto en la granja | |
| 260 |
_aMéxico, D.F. : _bCentro Regional de Ayuda Técnica, _c1967 |
||
| 300 |
_a40 p. _b: ilus. |
||
| 490 |
_aFarm bulletin _v; 2203 |
||
| 590 |
_aBATCH-UPD _b10 _c20130110 _lUCH01 _h1500 |
||
| 590 |
_aCONVERSION _b10 _c20130109 _lUCH01 _h1325 |
||
| 650 | 1 | 4 |
_aConcreto. _926302 |
| 650 | 1 | 4 |
_aConstrucciones rurales. _927378 |
| 830 | 0 |
_aFarm bulletin _v; 2203 _939760 |
|
| 901 | _aBK | ||
| 942 | _cFOLL | ||
| 949 |
_aFolleto 8252y _bBC _cFOLL _d-113562 _eTS1 _i50548 _mD _si |
||
| 999 |
_c45435 _d45435 |
||